Κανόνες και αντινομίες στην πολιτική
Αποθηκεύτηκε σε:
| Κύριος συγγραφέας: | |
|---|---|
| Μορφή: | Βιβλίο |
| Γλώσσα: | Greek |
| Δημοσίευση: |
Αθήνα :
Πόλις,
1999.
|
| Θέματα: | |
| Ετικέτες: |
Προσθήκη ετικέτας
Δεν υπάρχουν, Καταχωρήστε ετικέτα πρώτοι!
|
MARC
| LEADER | 00000cam a2200000 i 4500 | ||
|---|---|---|---|
| 001 | 1/10052 | ||
| 008 | 000829s1999 gr | ||| |||| ||gre|| | ||
| 020 | |a 9607478924 | ||
| 035 | |l 10063291 | ||
| 040 | |a GR-MyUa |b gre |e AACR2 | ||
| 041 | 1 | |a gre | |
| 082 | 7 | |a 320.01 |2 (22) | |
| 100 | 1 | |a Ψυχοπαίδης, Κοσμάς, |d 1944-2004. | |
| 245 | 1 | 0 | |a Κανόνες και αντινομίες στην πολιτική / |c Κοσμάς Ψυχοπαίδης. |
| 260 | |a Αθήνα : |b Πόλις, |c 1999. | ||
| 300 | |a 70 σ. ; |c 25 εκ. | ||
| 504 | |a Περιλαμβάνει βιβλιογραφικές παραπομπές και ευρετήριο. | ||
| 650 | 0 | 0 | |a Political science. |
| 852 | |a INST |b LESVOS |e 20000829 |h 320.01 ΨΥΧ |p 005100029076 |q 005100029076 |t BK |y 0 | ||
| 852 | |a INST |b RHODES |e 20000904 |h 320.01 ΨΥΧ |p 005400017655 |q 005400017655 |t BK |y 0 | ||
| 852 | |a INST |b SYROS |e 20221024 |h 320.01 ΨΥΧ |p 005500015601 |q 005500015601 |t BK |y 0 | ||
| 901 | |a BIBL4-2000-3 | ||
| 922 | |a 4ΕΛΗ |b 200007 |c 95/ΒΙΒΛΙΟΘΗΚΗ | ||
| 922 | |a 1ΕΛΗ |b 200008 |c ΤΑΚ/ΤΚ |d ΠΑΠΑΣΩΤΗΡΙΟΥ | ||
| 950 | |a 103-2000-07-25 | ||
| 970 | |a ΚΟΥΛΑΚΙΟΤΗ |b ΛΙΤΣΑ |z 2000/09/04 | ||